[Event "AMARS-Forks po"]
[Site "?"]
[Date "2011.05.14"]
[Round "2.2"]
[White "Braswell, Isacc"]
[Black "Friske, Tom"]
[Result "1-0"]
[WhiteElo "1863"]
[BlackElo "2030"]
[Annotator "Friske,Tom"]
[PlyCount "159"]
[SourceDate "2011.05.11"]

1. e4 e6 2. d4 d5 3. e5 c5 4. c3 Nc6 5. Nf3 Qb6 6. Bd3 g6 7. O-O Bg7 8. Kh1 f6
9. exf6 Nxf6 10. Qe2 cxd4 11. cxd4 O-O 12. Be3 Ng4 13. Nc3 Bd7 14. Na4 Qc7 15.
h3 (15. Rac1 $2 Rxf3 16. g3 (16. gxf3 $4 Qxh2#) (16. h3 $4 Qh2#) 16... Nxf2+ (
16... Rxe3 17. fxe3 Nf6) (16... Raf8) 17. Bxf2 Raf8) 15... Nxe3 16. Qxe3 Rxf3
17. Qxf3 Nxd4 18. Qd1 Qa5 19. Nc3 e5 20. Rc1 {with idea Nxd5! due to Bc4 pin}
Bc6 (20... Bh6 {almost played, but I hadn't seen the Nxd5 idea at this point})
21. a3 Rf8 (21... a6) 22. b4 Qd8 ({I skipped a7-a6 due to} 22... Qxa3 23. b5
Bd7 24. Nxd5 {but, on move, not realizing} Bxb5) 23. b5 Be8 24. Nxd5 Bf7 25.
Ne3 Kh8 26. Qg4 Be6 27. Qg3 Qa5 28. a4 Qxa4 29. Rc7 e4 {with 8 minutes to
reach move 45, trying to make trouble} 30. Rxg7 ({main idea was something like
} 30. Bxe4 Ne2 31. Qh4 Qxb5 (31... Rf4 32. Qd8+ Bf8) 32. Rxg7 Kxg7 33. Qe7+ Bf7
) 30... Kxg7 31. Qe5+ Kg8 32. Bc4 Bxc4 33. Qxd4 Bxb5 {Wow, suddenly I find
myself 2 Pawns up... but can I defend my King with a few minutes left ?} 34.
Qd5+ Kg7 35. Qe5+ Kg8 36. Ng4 {idea Nh6#} Rf5 (36... Re8 $4 37. Nh6+ Kf8 38.
Qf6#) (36... Rc8 $4 37. Qe6+ Kf8 38. Qxc8+) ({It was too hard to intuitively
trust my cornered King} 36... h5 37. Nh6+ Kh7 38. Qe7+ Kxh6 39. Qxf8+ Kh7 40.
Qf7+ Kh6 41. Rc1 Bc6) 37. Nh6+ Kf8 38. Qh8+ Ke7 39. Qxh7+ Kd8 ({I later
wondered about} 39... Kf6 {but it doesn't work} 40. Ng4+ Kg5 $4 (40... Ke6 41.
Qxg6+) 41. Qh6#) 40. Qh8+ Be8 41. Nxf5 gxf5 42. Qf6+ Kd7 43. Qxf5+ Ke7 {trying
to keep my King near his passers (which I thought he should advance to help
mate on Kingside or queen), but will run away if he goes for mates.} 44. Qh7+
Kf6 45. Rc1 Bc6 {I want to get Qf1, e3 in  for a counterattack. This is one of
those exchange-down positions where a Bishop is nearly as good as a Rook.} 46.
Qh6+ Kf7 47. Qh5+ Kf6 48. Rc5 {OK, he wants to mate. All I have to assure is
that he can't sweep me against the backrank.} Qa1+ 49. Kh2 {idea Qh8+-xa1 !}
Ke6 50. Rf5 Kd7 {idea Kc7-b6.  If he checks, Kd7-d6 squirts him out via c5 or
c7.} 51. Rf7+ Kd6 52. Qh4 Kc5 53. Qg3 a5 {diversion time. I don't want him to
feel he can advance his passer(s).} 54. Qb3 a4 55. Rf5+ Kd6 56. Qg3+ Kd7 {
returning to move 50 theme, but with my passer now way ahead} 57. Rf7+ Ke6 58.
Qg6+ Kd5 59. Rf5+ Kc4 60. Qe6+ Kb4 61. Qe7+ Kb3 62. Qe6+ Kb4 63. Qd6+ Kb3 64.
Rc5 Qf1 {getting closer to my e4-e3 counter, but really here ready to defend
with Qf1-c3. Also clearing the passer's path !} 65. Qe6+ Kb4 {Rook hangs, no
c4 check due to previous Queen move} 66. Qe7 Kb3 67. Qf7+ Kb4 68. Qf8 Kb3 69.
Qg8+ Kb4 70. Rc2 Kb5 (70... a3 {was the way.  I didn't look too deep, just
assumed the Rook and Queen would gang-up on a3 and my King would get trapped.})
({Still looking for a chance for the long-awaited counter !} 70... e3 {I
discarded it because he can play fxe and the Rook and Queen defend g2.   I
realized that, if the Rook ever leaves the 2nd rank, I can't play Qxg2+ and
trade into a minus-Rook situation.  The a-passer will force the Rook off, but
the Pawn ending is won for White.}) 71. Rb2+ Kc5 {only move} (71... Ka6 $4 {or
anything on the a-file allows} 72. Qa8#) 72. Qf8+ Kd5 (72... Kc4 73. Qb4+ Kd5
74. Rd2+) 73. Qf5+ Kd6 74. Qf6+ Kc7 $4 {not realizing the final threat, only
considering that, if Kb8, Qxc6 wins Bishop due to pin} 75. Qe7+ Kb8 76. Qd8+
Ka7 77. Qb6+ Ka8 (77... Kb8 78. Rd2 ({I had only seen the threat} 78. Qxc6))
78. Rd2 Qxg2+ {just to see reply} 79. Kxg2 e3+ 80. Qxc6 {"but you didn't mate
me!!"} ({no harm from} 80. Kf1 exd2) 1-0

[Event "Forks-AMARS po"]
[Site "?"]
[Date "2011.05.14"]
[Round "2.3"]
[White "Granata, Mike"]
[Black "Eaman, Rob"]
[Result "1/2-1/2"]
[WhiteElo "1920"]
[BlackElo "1770"]
[PlyCount "86"]
[SourceDate "2011.05.11"]

1. e4 c6 2. d4 d5 3. exd5 cxd5 4. Nf3 Nc6 5. Bb5 Bg4 6. c4 Bxf3 7. Qxf3 e6 8.
Nc3 Bb4 9. O-O Nge7 10. cxd5 exd5 11. a3 Ba5 12. Qg4 O-O 13. Bg5 Qd6 14. Bd3
Bc7 15. Qh4 Ng6 16. Bxg6 hxg6 17. Nb5 Qd7 18. Nxc7 Qxc7 19. Rac1 f6 20. Bf4 Qd7
21. Be3 Rae8 22. Rc3 Re4 23. Qg3 f5 24. Qxg6 Rf6 25. Qg5 Nxd4 26. Bxd4 Rxd4 27.
h4 Rc6 28. Rg3 Re4 29. Rd1 d4 30. b3 Rd6 31. Rgd3 Rg4 32. Qc1 Rxh4 33. f3 b5
34. Qg5 Rhh6 35. Qf4 Rhf6 36. Rxd4 Rxd4 37. Qxd4 Qxd4+ 38. Rxd4 a6 39. a4 bxa4
40. Rxa4 Rb6 41. Ra5 g6 42. Kh2 Kg7 43. Kh3 Kh6 1/2-1/2

[Event "AMARS-Forks po"]
[Site "?"]
[Date "2011.05.16"]
[Round "2.4"]
[White "Allen, Hence"]
[Black "Santiago, Teddy"]
[Result "0-1"]
[WhiteElo "1764"]
[BlackElo "1982"]
[Annotator "Friske,Tom"]
[PlyCount "103"]
[SourceDate "2011.05.11"]

{Happenstance makes a pairing of two former Alumni Aces !} 1. d4 f5 2. Nf3 Nf6
3. c4 e6 4. Nc3 Bb4 5. Bg5 h6 6. Bxf6 Qxf6 7. e3 b6 8. Ne5 O-O 9. Qf3 c6 10. a3
Bxc3+ 11. bxc3 d6 12. Nd3 Bb7 13. Be2 Nd7 14. O-O g5 15. Qg3 e5 16. f4 exf4 17.
Nxf4 Kh7 18. Nh5 Qg6 19. Qh3 g4 20. Qh4 Qg5 21. Qxg5 hxg5 22. Ng3 Rae8 23. Bd3
Rxe3 24. Bxf5+ Rxf5 25. Nxf5 Re6 26. Rae1 Ne5 27. dxe5 dxe5 28. Rd1 Ba6 29.
Rd7+ Kg8 30. Ne7+ Kg7 31. Nd5+ Kg6 32. Ne7+ Kh5 33. Rf7 g3 34. hxg3 e4 35. Rh7+
Kg4 36. Rd4 c5 37. Rd1 Bxc4 38. Re1 e3 39. Ng8 a6 40. Rh3 Kf5 41. Nh6+ Ke4 42.
g4 e2 43. Nf5 Kd5 44. Ne3+ Rxe3 45. Rxe3 Kc6 46. Rb1 b5 47. Rb2 a5 48. Kf2 a4
49. Re5 Kd6 50. Rxg5 b4 51. cxb4 cxb4 52. Rxb4 0-1

[Event "Forks-AMARS po"]
[Site "?"]
[Date "2011.05.14"]
[Round "2.5"]
[White "Persons, Josh"]
[Black "Frank, Mark"]
[Result "1-0"]
[WhiteElo "1580"]
[BlackElo "1652"]
[PlyCount "37"]
[SourceDate "2011.05.11"]

1. d4 d5 2. Bf4 Nf6 3. e3 e6 4. a3 Be7 5. c4 O-O 6. Nc3 c6 7. Nf3 Nbd7 8. c5
Nh5 9. Bd3 Nxf4 10. exf4 Qc7 11. g3 Re8 12. Ne5 f6 13. Bxh7+ Kf8 14. Ng6+ Kf7
15. Qh5 Bf8 16. Nxf8+ Kxf8 17. Bg6 f5 18. Qh8+ Ke7 19. Qxe8+ 1-0

[Event "AMARS-Forks po"]
[Site "?"]
[Date "2011.05.14"]
[Round "2.6"]
[White "Duffy, Jim"]
[Black "Bian, Mike"]
[Result "0-1"]
[WhiteElo "1615"]
[BlackElo "1486"]
[PlyCount "73"]
[SourceDate "2011.05.11"]

1. e4 c5 2. Nf3 g6 3. d4 cxd4 4. Nxd4 Nc6 5. Nxc6 bxc6 6. Nc3 Bg7 7. Bd2 d5 8.
exd5 cxd5 9. Bb5+ Bd7 10. Bxd7+ Qxd7 11. Qf3 e6 12. O-O Ne7 13. Rad1 O-O 14.
Qh3 Qb7 15. Rb1 Nf5 16. Ne2 Rab8 17. c3 Qa6 18. Nc1 d4 19. g4 dxc3 20. Bxc3
Bxc3 21. Qxc3 Rfc8 22. Qd2 Nh4 23. f3 Qc6 24. Qf2 g5 25. Nd3 Qd5 26. Nf4 Qxa2
27. Nh5 Qa4 28. Qe3 h6 29. Qe5 Kf8 30. Qh8+ Ke7 31. Qf6+ Kf8 32. Qxh6+ Ke7 33.
Qxg5+ Kf8 34. Qxh4 Qd4+ 35. Kh1 Rc2 36. Rbd1 Qxb2 37. Rd8+ 0-1

[Event "Pawns-Wombats po"]
[Site "?"]
[Date "2011.05.14"]
[Round "2.1"]
[White "Caveney, Jeff"]
[Black "Tennant, Steve"]
[Result "1-0"]
[WhiteElo "2084"]
[BlackElo "2264"]
[PlyCount "51"]
[SourceDate "2011.05.11"]

1. d4 Nf6 2. Nf3 g6 3. c4 Bg7 4. Nc3 O-O 5. e4 d6 6. Be2 e5 7. d5 Nbd7 8. Bg5
h6 9. Bh4 g5 10. Bg3 Nh5 11. h4 Nxg3 12. fxg3 gxh4 13. Nxh4 Qg5 14. Nf5 Nc5 15.
Rh5 Qd8 16. Nxg7 Kxg7 17. Qd2 Rh8 18. O-O-O a5 19. Rdh1 Qf6 20. g4 Qg6 21. g5
Nxe4 22. Nxe4 Qxe4 23. gxh6+ Kf8 24. Rf1 Qg6 25. Rh4 Bd7 26. Bh5 1-0

[Event "Wombats-Pawns po"]
[Site "?"]
[Date "2011.05.14"]
[Round "2.2"]
[White "Freitag, Todd"]
[Black "Korenman"]
[Result "1/2-1/2"]
[WhiteElo "2038"]
[BlackElo "1989"]
[PlyCount "68"]
[SourceDate "2011.05.11"]

1. d4 e6 2. c4 d5 3. Nc3 Nf6 4. Nf3 Be7 5. Bf4 O-O 6. e3 b6 7. Qc2 Ba6 8. cxd5
Bxf1 9. Kxf1 exd5 10. g3 Nbd7 11. Kg2 c5 12. dxc5 Nxc5 13. Rhd1 Rc8 14. Be5
Nce4 15. Qd3 Nxc3 16. Bxc3 Ne4 17. Rac1 Nxc3 18. Rxc3 Bf6 19. Rxc8 Qxc8 20. b3
Rd8 21. Rd2 g6 22. Nd4 h5 23. Ne2 Qe6 24. Nf4 Qe4+ 25. f3 Qxd3 26. Rxd3 d4 27.
e4 Rc8 28. Rd2 Bg5 29. Kf1 Rc3 30. Ke2 Re3+ 31. Kf2 Rc3 32. Ke2 Rc1 33. Kd3
Rc3+ 34. Ke2 Re3+ 1/2-1/2

[Event "Pawns-Wombats po"]
[Site "?"]
[Date "2011.05.14"]
[Round "2.3"]
[White "Holloway, M."]
[Black "Zolkos, Adam"]
[Result "0-1"]
[WhiteElo "1793"]
[BlackElo "1732"]
[PlyCount "106"]
[SourceDate "2011.05.11"]

1. d4 d5 2. c4 e6 3. Nc3 Nf6 4. Bg5 Be7 5. Nf3 O-O 6. e3 b6 7. cxd5 Nxd5 8.
Nxd5 exd5 9. Bxe7 Qxe7 10. Qc2 c5 11. Bd3 h6 12. b3 Be6 13. Rc1 Nd7 14. O-O
Rac8 15. Qb2 Qf6 16. Qa3 a5 17. Rc2 cxd4 18. Nxd4 Rxc2 19. Nxe6 Rxa2 20. Qxa2
fxe6 21. Qc2 Nc5 22. Bb5 Qe5 23. Rb1 Qe4 24. Qxe4 Nxe4 25. Rb2 Rc8 26. g3 Kf7
27. b4 Ra8 28. Bc6 Ra7 29. f3 Nd6 30. bxa5 bxa5 31. Ra2 Ra6 32. Ba4 Nc4 33. e4
Ke7 34. Rc2 Rb6 35. Kf2 Rb2 36. Ke2 Rxc2+ 37. Bxc2 Kd6 38. Kd3 a4 39. exd5 exd5
40. Kd4 a3 41. Bb3 Nd2 42. Bxd5 Nxf3+ 43. Ke4 Nxh2 44. Ba2 Ng4 45. Kf5 Nf6 46.
Kg6 Ne4 47. Kxg7 h5 48. Kg6 Nxg3 49. Kg5 Kc5 50. Kh4 Ne2 51. Kxh5 Kb4 52. Kg4
Nc1 53. Bd5 Nb3 0-1

[Event "Wombats-Pawns po"]
[Site "?"]
[Date "2011.05.14"]
[Round "2.4"]
[White "Ellice, Wayne"]
[Black "Edeus, D."]
[Result "1/2-1/2"]
[WhiteElo "1776"]
[BlackElo "1716"]
[PlyCount "129"]
[SourceDate "2011.05.11"]

1. c4 Nf6 2. Nc3 g6 3. e4 d6 4. g3 Bg7 5. Bg2 O-O 6. Nge2 e5 7. O-O Nc6 8. d3
Nh5 9. Be3 f5 10. f4 exf4 11. Nxf4 Nxf4 12. Bxf4 Nd4 13. Qd2 c6 14. Rae1 Be6
15. e5 dxe5 16. Bxe5 Qb6 17. Kh1 Rae8 18. Na4 Qd8 19. Bxg7 Kxg7 20. Qc3 g5 21.
Nc5 Bc8 22. Nb3 c5 23. Nxc5 Qf6 24. Ne4 Qd8 25. Nxg5 Qxg5 26. Qxd4+ Kh6 27. Qf4
Rd8 28. Bd5 a6 29. Re7 Qxf4 30. Rxf4 Kg6 31. Rf2 b5 32. b3 h6 33. h4 Rd6 34.
Kg2 Rdf6 35. Rf4 Rd6 36. Kf3 h5 37. Re5 bxc4 38. dxc4 Rfd8 39. Rd4 Kf6 40. Kf4
Rg8 41. Re2 Rg4+ 42. Ke3 Rxg3+ 43. Kf2 Rh3 44. Re3 Rh2+ 45. Kf1 Rc2 46. Re2 Rc3
47. Red2 a5 48. a3 Rb6 49. c5 Rxc5 50. Rc4 Rxd5 51. Rxd5 Be6 52. Rxa5 Bxc4+ 53.
bxc4 Rb3 54. c5 Rc3 55. a4 f4 56. c6 Rxc6 57. Rxh5 Rc3 58. a5 Ra3 59. Rb5 Kg6
60. h5+ Kh6 61. Rb6+ Kxh5 62. Ra6 Kg4 63. Ra8 Ra2 64. Ke1 f3 65. Rg8+ 1/2-1/2

[Event "Pawns-Wombats po"]
[Site "?"]
[Date "2011.05.14"]
[Round "2.5"]
[White "Vitkauskas, Vyto"]
[Black "Connelly, Patrice"]
[Result "0-1"]
[WhiteElo "1697"]
[BlackElo "1606"]
[PlyCount "55"]
[SourceDate "2011.05.11"]

1. c4 c5 2. Nc3 Nc6 3. Nf3 e5 4. d3 Nf6 5. g3 Be7 6. Bg2 O-O 7. O-O d6 8. Bd2
Bd7 9. a3 Qc8 10. Rb1 Bh3 11. b4 b6 12. e3 Bxg2 13. Kxg2 Ne8 14. b5 Nd8 15. Nd5
Qd7 16. Qc2 f5 17. Bc3 Ne6 18. Qe2 Nf6 19. a4 e4 20. Ng1 Nxd5 21. cxd5 Ng5 22.
f3 Bf6 23. Ba1 Bxa1 24. Rxa1 Qe7 25. h4 Nf7 26. fxe4 fxe4 27. d4 Nh6 28. Qg4
0-1

[Event "Wombats-Pawns po"]
[Site "?"]
[Date "2011.05.14"]
[Round "2.6"]
[White "Rajsky, J."]
[Black "Kukuruza, V."]
[Result "0-1"]
[WhiteElo "1585"]
[BlackElo "1671"]
[PlyCount "62"]
[SourceDate "2011.05.11"]

1. c4 e5 2. Nc3 Nf6 3. Nf3 e4 4. Ng5 Qe7 5. Qc2 d6 6. Ngxe4 Be6 7. Nxf6+ Qxf6
8. d3 Nc6 9. Nd5 Bxd5 10. cxd5 Ne5 11. Qxc7 Be7 12. Qc3 Qg6 13. f4 Nd7 14. Qc7
Bf6 15. Bd2 Nb6 16. Qxb7 O-O 17. e4 Bxb2 18. Rb1 Bd4 19. f5 Qf6 20. h4 Qe5 21.
Rh3 Rfe8 22. Be2 Bc3 23. Bxc3 Qxc3+ 24. Kf1 Qd2 25. a3 Qf4+ 26. Ke1 Rac8 27.
Qxa7 Rc2 28. Qa5 Nxd5 29. Kd1 Rec8 30. Ke1 Nc3 31. Rd1 Rxe2# 0-1

[Event "Knights-DGCC po ch"]
[Site "?"]
[Date "2011.05.14"]
[Round "3.2"]
[White "Morris, Robert"]
[Black "Bungo, Greg"]
[Result "1-0"]
[WhiteElo "2206"]
[BlackElo "2119"]
[PlyCount "39"]
[SourceDate "2011.05.11"]

1. d4 g6 2. Nf3 Bg7 3. c4 d6 4. Nc3 Nd7 5. g3 e5 6. Bg2 f5 7. Ng5 Nb6 8. dxe5
Bxe5 9. c5 h6 10. cxb6 hxg5 11. bxc7 Bxc3+ 12. bxc3 Qxc7 13. Qd4 Rh7 14. Bxg5
Ne7 15. Bf4 Be6 16. Bxd6 Qd7 17. Bxe7 Qxe7 18. Rb1 Rd8 19. Qxa7 Bc4 20. O-O 1-0

[Event "DGCC-Knights po ch"]
[Site "?"]
[Date "2011.05.14"]
[Round "3.3"]
[White "Dugovic, Daniel"]
[Black "Thomson, Jim"]
[Result "1/2-1/2"]
[WhiteElo "1894"]
[BlackElo "2005"]
[Annotator "Friske,Tom"]
[PlyCount "82"]
[SourceDate "2011.05.11"]

{This turned out to be last game of match played.  The result of this game
would also be the result of the match and Championship !!} 1. c4 c6 2. e4 d5 3.
exd5 cxd5 4. d4 Nf6 5. Nf3 e6 6. Bg5 Be7 7. Nc3 O-O 8. Be2 Nc6 9. O-O b6 10.
Ne5 Bb7 11. Bf3 Rc8 12. Bxf6 Bxf6 13. Nxc6 Bxc6 14. cxd5 Bxd5 15. Nxd5 exd5 16.
Qb3 Bxd4 17. Bxd5 Qf6 18. Rab1 Rc5 19. Bf3 Rfc8 20. Be4 g6 21. Qa3 R8c7 22. b4
Rc3 23. Qa4 Qf4 24. Qe8+ Kg7 25. g3 Qf6 26. Qb5 Qe5 27. Qxe5+ Bxe5 28. Rfd1 Bf6
29. Kg2 Be7 30. Rd2 R3c4 31. Bd5 Rxb4 32. Rxb4 Bxb4 33. Re2 {Somewhere around
here, this was the last game of the match still going.  Tough to win this
symmetrical position with opposite Bishops !} Kf8 34. Re4 Bc5 35. f4 Rd7 36.
Bb3 a5 37. Re1 b5 38. Rc1 Ba7 39. Rc6 Ke7 40. a4 bxa4 41. Bxa4 Be3 {rest of 
(single) score missing.  DRAW AGREED move 51} 1/2-1/2

[Event "Knights-DGCC po ch"]
[Site "?"]
[Date "2011.05.14"]
[Round "3.4"]
[White "Balicki, Jeff"]
[Black "Tan, Gaddiel"]
[Result "1-0"]
[WhiteElo "1799"]
[BlackElo "1806"]
[Annotator "Friske,Tom"]
[PlyCount "66"]
[SourceDate "2011.05.11"]

1. d4 d5 2. Nf3 Nf6 3. e3 a6 4. Nbd2 g6 5. Bd3 Bg7 6. c3 O-O 7. e4 dxe4 8. Nxe4
Nbd7 9. O-O b6 10. Re1 Bb7 11. Qe2 Re8 12. Bf4 Nh5 13. Bg5 h6 14. Bh4 Nf4 15.
Qd2 Nxd3 16. Qxd3 a5 17. Rad1 Qc8 18. b3 c5 19. d5 a4 20. c4 axb3 21. axb3 Qb8
22. Bg3 Qd8 23. Nc3 Ba6 24. Re3 Nf6 25. Ne5 Bb7 26. Nb5 Nh5 27. Nxg6 Nxg3 (
27... fxg6 28. Qxg6 Nf6 29. Bf4 Kh8 (29... Kf8 30. Bxh6 Bxh6 31. Qxh6+ Kg8 32.
Rg3+ Kf7 33. Qg7#) 30. Bxh6 Bxh6 31. Qxh6+ Nh7 32. Rh3) 28. Rxg3 Qb8 29. Nh4
Kh8 30. Nf5 Bf8 31. Qc3+ f6 32. Qf3 Bg7 33. Rxg7 Qe5 1-0

[Event "DGCC-Knights po ch"]
[Site "?"]
[Date "2011.05.14"]
[Round "3.5"]
[White "Wakerly, Ralph"]
[Black "Augsberger, Len"]
[Result "1-0"]
[WhiteElo "1872"]
[BlackElo "1782"]
[PlyCount "52"]
[SourceDate "2011.05.11"]

1. e4 c6 2. d4 d5 3. e5 Bf5 4. Be3 e6 5. c3 Nd7 6. Nf3 Qb6 7. Qd2 c5 8. Be2 h5
9. O-O Nh6 10. Nh4 cxd4 11. cxd4 Be7 12. Bxh6 Bxh4 13. Bxg7 Rh7 14. Bh6 O-O-O
15. Nc3 Rg8 16. Rfc1 Kb8 17. Be3 Rhg7 18. g3 a6 19. Bxh5 Qd8 20. Bf3 Nb6 21. b3
Bxg3 22. fxg3 Rxg3+ 23. hxg3 Rxg3+ 24. Kf2 Qh4 25. Rh1 Rh3+ 26. Ke2 Rxf3 1-0

[Event "Knights-DGCC po ch"]
[Site "?"]
[Date "2011.05.14"]
[Round "3.6"]
[White "Cherkassky, Georgiy"]
[Black "Romanowitz, Caleb"]
[Result "0-1"]
[WhiteElo "1764"]
[BlackElo "1447"]
[PlyCount "48"]
[SourceDate "2011.05.11"]

1. d4 Nf6 2. c4 e6 3. Nc3 Bb4 4. Bg5 c5 5. Bxf6 Qxf6 6. e3 Nc6 7. Nf3 O-O 8. a3
Bxc3+ 9. bxc3 cxd4 10. cxd4 d5 11. c5 e5 12. Be2 e4 13. Nd2 Qg5 14. g3 Bh3 15.
Bf1 Bg4 16. Qb3 Rae8 17. Qxb7 Nxd4 18. Rc1 Rb8 19. Qc7 Rb2 20. f4 exf3 21. Qf4
f2+ 22. Kxf2 Rxd2+ 23. Kg1 Qxf4 24. gxf4 Nf3# 0-1

[Event "StCCC-Hedgehogs po"]
[Site "?"]
[Date "2011.05.14"]
[Round "3.1"]
[White "Wiewel, Jeff"]
[Black "Franklin, D."]
[Result "0-1"]
[WhiteElo "2147"]
[BlackElo "2206"]
[Annotator "Friske,Tom"]
[PlyCount "139"]
[SourceDate "2011.05.11"]

1. d4 Nf6 2. c4 c6 3. Nc3 d5 4. Bg5 dxc4 5. a4 Qa5 6. Bd2 Qb6 7. e3 e6 8. Bxc4
c5 9. Nf3 Nc6 10. d5 exd5 11. Bxd5 Nb4 12. Bc4 Be6 13. Bb5+ Bd7 14. O-O a6 15.
Bc4 Be7 16. Qb3 O-O 17. Ne2 Ne4 18. Rfd1 Rad8 19. Bxb4 cxb4 20. Ne5 Be8 21.
Rxd8 Bxd8 22. Rd1 Nc5 23. Qa2 Bf6 24. a5 Qc7 25. Nf3 Na4 26. Ned4 Nxb2 27. Qxb2
Qxc4 28. Rc1 Qb5 29. Nxb5 Bxb2 30. Rb1 Bxb5 31. Rxb2 Rc8 32. h3 Rc4 33. Nd2
Rc1+ 34. Kh2 Kf8 35. Rxb4 Rc2 36. Rd4 Ra2 37. Kg3 Rxa5 38. Nb3 Ra4 39. Rd8+ Ke7
40. Rb8 Bc6 41. Nd4 Bd5 42. f3 g6 43. Kf4 f6 44. h4 a5 45. g4 Rb4 46. Rh8 a4
47. Kg3 Rxd4 48. exd4 a3 49. Rxh7+ Kd6 50. Rh8 b5 51. h5 gxh5 52. gxh5 a2 53.
Rd8+ Ke6 54. Re8+ Kf5 55. Re1 b4 56. h6 Bg8 (56... Kg6) 57. d5 b3 58. d6 b2 59.
d7 b1=Q 60. Rxb1 axb1=Q 61. d8=Q Qg1+ 62. Kh3 Be6 63. Qd2 Kg6+ 64. Kh4 Qh1+ 65.
Kg3 Qh3+ 66. Kf2 Qh2+ 67. Ke1 Qg1+ 68. Ke2 Bc4+ 69. Qd3+ Bxd3+ 70. Kxd3 0-1

[Event "Hedgehogs-StCCC po"]
[Site "?"]
[Date "2011.05.14"]
[Round "3.2"]
[White "Rauchman, Michael"]
[Black "Acosta, Mariano"]
[Result "1-0"]
[WhiteElo "2039"]
[BlackElo "2149"]
[PlyCount "65"]
[SourceDate "2011.05.11"]

1. e4 d6 2. d4 Nf6 3. Nc3 c6 4. f4 Qa5 5. e5 Ne4 6. Qf3 d5 7. Bd3 f5 8. exf6
Nxf6 9. Nge2 Bg4 10. Qe3 Na6 11. O-O Nb4 12. f5 O-O-O 13. Nf4 Kb8 14. a3 Nxd3
15. Qxd3 Ka8 16. Ne6 Rd6 17. b4 Rxe6 18. bxa5 Rd6 19. Bf4 Rd7 20. Na4 e6 21.
Nb6+ axb6 22. axb6 Bd6 23. Qc3 Bxf4 24. Rxf4 Be2 25. fxe6 Re7 26. Re1 Ba6 27.
g4 Rhe8 28. Qc5 h6 29. Re5 Kb8 30. Qd6+ Kc8 31. h4 Ne4 32. Rexe4 dxe4 33. Rf7
1-0

[Event "Hedgehogs-StCCC po"]
[Site "?"]
[Date "2011.05.14"]
[Round "3.4"]
[White "Jasaitis, Tony"]
[Black "Von Hatten, Jeremy"]
[Result "*"]
[WhiteElo "1900"]
[BlackElo "1802"]
[Annotator "Friske,Tom"]
[PlyCount "40"]
[SourceDate "2011.05.11"]

1. e4 c6 2. d3 d5 3. Nd2 g6 4. g3 Bg7 5. Bg2 Nf6 6. e5 Ng4 7. d4 c5 8. h3 Nh6
9. c3 cxd4 10. cxd4 f6 11. Ndf3 Nf7 12. exf6 Bxf6 13. Ne2 Qb6 14. O-O O-O 15.
b3 Nc6 16. Bb2 Bf5 17. Qd2 Be4 18. Rfd1 Rad8 19. Qe3 Nb4 20. Ne1 Nd6 {Rest of
score unusable.  White's move skipped,} *

[Event "StCCC-Hedgehogs po"]
[Site "?"]
[Date "2011.05.14"]
[Round "3.5"]
[White "Janssen, Gary"]
[Black "Shepardson, Tom"]
[Result "1-0"]
[WhiteElo "1553"]
[BlackElo "1619"]
[PlyCount "105"]
[SourceDate "2011.05.11"]

1. e4 c5 2. Nc3 Nc6 3. Bb5 g6 4. Bxc6 bxc6 5. f4 Bg7 6. Nf3 d5 7. O-O Ba6 8.
Re1 e6 9. e5 Nh6 10. d3 Rb8 11. b3 Bf8 12. Ba3 Bb5 13. Ne2 Qa5 14. Bb2 Nf5 15.
c4 Ba6 16. Ng3 Nxg3 17. hxg3 Be7 18. Qc2 d4 19. Qd2 Qb6 20. Kf2 Bc8 21. Rh1 Rb7
22. g4 f6 23. Qe2 f5 24. g5 Bf8 25. Bc1 h5 26. g3 Rhh7 27. Qb2 a5 28. Rb1 Qa7
29. Bd2 a4 30. Qa3 axb3 31. Rxb3 Rxb3 32. Qxb3 Rb7 33. Qc2 Kf7 34. Rb1 Rxb1 35.
Qxb1 Qb7 36. Qxb7+ Bxb7 37. Ba5 Bc8 38. Nd2 Ke7 39. Nb3 Kd7 40. Bb6 Be7 41.
Bxc5 Bxc5 42. Nxc5+ Kc7 43. Nb3 c5 44. Nxc5 Kb6 45. Nb3 Bd7 46. Nxd4 Kc5 47.
Ke3 Kb4 48. Nf3 Kc3 49. Nh4 Be8 50. c5 Kb2 51. c6 Bxc6 52. Nxg6 Kxa2 53. Nf8
1-0